000 00582nam a2200229Ia 4500
003 OSt
005 20220928141821.0
006 a|||||r|||| 00| 0
007 ta
008 220927b |||||||| |||| 00| 0 eng d
024 _a17841
037 _cTextual
040 _aSDCL
_cSDCL
_beng
041 _2eng
_aeng
082 _aX:87, M0
100 _aEvans Paul
_9502332
245 0 _aMust success cost so much?
260 _c1980
700 _a Bartolome Fernando
_9502333
942 _hX:87, M0
_cTEXL
_2CC
999 _c820120
_d820120